[Event "RSA-chT U10"]
[Site "Cape Town"]
[Date "2016.01.06"]
[Round "5.6"]
[White "Viviers, Imrich"]
[Black "Kilian, Liam"]
[Result "0-1"]
[WhiteElo "713"]
[BlackElo "646"]
[PlyCount "65"]
[EventDate "2016.01.04"]
[EventType "team-tourn"]
[EventRounds "7"]
[EventCountry "RSA"]
[SourceTitle "CBM 170 Extra"]
[Source "ChessBase"]
[SourceDate "2016.02.25"]
[SourceVersion "1"]
[SourceVersionDate "2016.02.25"]
[SourceQuality "1"]
[WhiteTeam "Bojanala Platina"]
[BlackTeam "Johannesburg Metro"]
[WhiteTeamCountry "RSA"]
[BlackTeamCountry "RSA"]

1. e4 c6 2. Bc4 d5 3. exd5 cxd5 4. Bb5+ Nc6 5. Bxc6+ bxc6 6. Qh5 Nf6 7. Qe2 Bg4 8. f3 Bd7 9. Nc3 e6 10. d3 Bb4 11. Bd2 0-0 12. Nh3 Qe7 13. Qe5 Bd6 14. Nxd5 cxd5 15. Bb4 Bxb4+ 16. c3 Bd6 17. Qe3 Bc7 18. g4 Qd6 19. Nf4 Qxf4 20. Qxf4 Bxf4 21. h4 Bg3+ 22. Kf1 Rab8 23. Kg2 Bf4 24. Rab1 Bb5 25. d4 Bd3 26. g5 Bxb1 27. Rxb1 Nh5 28. Kh3 Rb7 29. Kg4 f6 30. Kxh5 fxg5 31. hxg5 Rfb8 32. b3 g6+ 33. Kh6 0-1

[Event "RSA-chT U10"]
[Site "Cape Town"]
[Date "2016.01.06"]
[Round "6.6"]
[White "Viviers, Imrich"]
[Black "Odendaal, Mikhal"]
[Result "0-1"]
[WhiteElo "713"]
[BlackElo "845"]
[PlyCount "38"]
[EventDate "2016.01.04"]
[EventType "team-tourn"]
[EventRounds "7"]
[EventCountry "RSA"]
[SourceTitle "CBM 170 Extra"]
[Source "ChessBase"]
[SourceDate "2016.02.25"]
[SourceVersion "1"]
[SourceVersionDate "2016.02.25"]
[SourceQuality "1"]
[WhiteTeam "Bojanala Platina"]
[BlackTeam "Tshwane"]
[WhiteTeamCountry "RSA"]
[BlackTeamCountry "RSA"]

1. e4 e5 2. Nf3 Nc6 3. Bc4 Be7 4. 0-0 Nf6 5. Nc3 0-0 6. d3 a6 7. Bg5 b5 8. Bxf6 Bxf6 9. Bd5 Rb8 10. Bxc6 dxc6 11. h3 Re8 12. Qe2 Be6 13. Qe3 Ra8 14. Qc5 Bd7 15. Nd2 Bg5 16. Nb3 a5 17. Nd4 exd4 18. Qxd4 Qf6 19. Qxf6 Bxf6 0-1

[Event "RSA-chT U10"]
[Site "Cape Town"]
[Date "2016.01.05"]
[Round "3.6"]
[White "Viviers, Imrich"]
[Black "Van Straaten, Matthys"]
[Result "0-1"]
[WhiteElo "713"]
[BlackElo "819"]
[PlyCount "50"]
[EventDate "2016.01.04"]
[EventType "team-tourn"]
[EventRounds "7"]
[EventCountry "RSA"]
[SourceTitle "CBM 170 Extra"]
[Source "ChessBase"]
[SourceDate "2016.02.25"]
[SourceVersion "1"]
[SourceVersionDate "2016.02.25"]
[SourceQuality "1"]
[WhiteTeam "Bojanala Platina"]
[BlackTeam "Kenneth Kaunda"]
[WhiteTeamCountry "RSA"]
[BlackTeamCountry "RSA"]

1. e4 e5 2. Nf3 Nc6 3. Bc4 Bc5 4. Nc3 d6 5. d3 Bg4 6. h3 Bh5 7. 0-0 Nf6 8. Re1 Nd4 9. Be3 0-0 10. Nb5 a6 11. Nbxd4 exd4 12. Bg5 h6 13. Bxf6 Qxf6 14. Qd2 Bxf3 15. Rad1 Qg6 16. Bxf7+ Rxf7 17. g4 Bxd1 18. Rxd1 Raf8 19. Rf1 Qg5 20. Qxg5 hxg5 21. h4 gxh4 22. g5 Bb4 23. g6 Rf6 24. f4 Rxf4 25. Rxf4 Rxf4 0-1